Trouvez les chansons de l'année 2009 - Statistiques

Statistiques générales
  • Ce quiz a été pris 395 fois
  • Le résultat moyen est 4 sur 10
Statistiques - réponses
Paroles Chansons % Correct
"J'entre au Costes boire un verre mais la serveuse me pompe l'air, j'ai pas la réservation, je ressors j'ai l'air d'un con, ça m'énerve, oui ça m'énerve, j'ai un cadeau à faire de chez Zadig & Voltaire" Ça m'énerve - Helmut Fritz
87%
"J'me laisse aller souvent, c'est vrai, j'attends que passe le mauvais temps, et qu'on fasse comme avant, j'suis pas certain d'avoir trouvé ma place, j'suis pas certain mais pour éviter la casse" Lady Melody - Tom Frager
62%
"Divine candide libertine, ce soir je viens m'inviter dans ton lit, laissons dormir les maris, allons nous aimer au nez des braves gens, j'apprendrai ta langue et ton accent pour te comprendre, je serai frivole et décadent pour te surprendre" Tatoue-moi - Mikelangelo Loconte - Mozart l'opéra rock
51%
"Magic c'est la danou mambo, t'es nouveau à Paris, pour changer la météo, on n'est pas fatigué, oh, toutes les filles me disent ohhhhh, on ne peut s'empêcher avec Raï'n'B fever show de jouer les bel go go go..." Même pas fatigué - Magic System et Khaled
49%
"Ce n'est qu'une larme, juste un reste du passé, dont je m’éloigne, mais qui ne cesse de me hanter, ce n'est qu'une lame, qui entaille mes pensées, je retrouve mon âme, ton regard me donne envie d'avancer" J'aimerais tellement - Jena Lee
46%
"Tu sais qu'il y a un bateau qui mène au pays des rêves, là-bas où il fait chaud, où le ciel n'a pas son pareil, tu sais qu'au bout de cette terre, oui, les gens sèment des milliers de graines de joie, où pousse ici la haine" Liberta - Pep's
46%
"Les filles adorent se balader corps huilés sur la plage, elles sont sensibles, elles tapent discute aux coquillages. Elles adorent les mots doux, bisous un peu partout, qu'on soit tendre avec elles, et qu'on leur disent qu'elles sont belles" Les filles adorent - PZK
44%
"Les saltimbanques c'est pas sérieux, mais les ministères n'ont pas fait mieux [...] faut-il chanter contre les misères, ou bien se taire, passer, ne rien faire" Ici les Enfoirés - Les Enfoirés
25%
"La Madeleine et le beau palais, je te vois courir vers moi, tu seras mienne, tu seras la même, mais une autre, une autre, une autre à chaque fois" La semaine prochaine - Marc Lavoine
6%
"À quoi bon résister puisque le désir est plusieurs, on peut donc s'arranger, et se dire tout bas tout ce qui n'est pas tenté" Adulte et sexy - Emmanuel Moire
3%
Aucun quiz correspondant
Distribution des résultats
% des personnes avec chaque résultat
Percentile par nombre de réponses
Votre historique - résultats
Vous n’avez pas pris ce quiz